000 00847nam a2200229Ia 4500
005 20250108125118.0
008 008 250107s9999 xx 000 0 hin d
020 _a978-81-9635-047-5
037 _aTB
040 _aCRL
_bhin
_cCRL
041 _ahin
_2hin
084 _aF9G R1
084 _qCRL
100 _aदीर्घ नारायण, ले.
245 0 _aरामघाट में कोरोना: कोरोनाकालीन महागाथा
_cदीर्घ नारायण, ले.
260 _aनई दिल्ली, भारत
_bकिताबघर प्रकाशन
_c3357
300 _a832पृ0
365 _aINR
_b995
650 _aहिन्दी कहानीहिन्दी साहित्य
_9729733
942 _cTB
_hF9G R1
999 _c1235745
_d1235745